banner-ar

علم الاجتماع ودراسة الاعلام والاتصال / (Record no. 27822)

MARC details
000 -الفاتح
حقل البيانات ثابتة الطول 00800nam a2200253Ia 4500
008 - عناصر البيانات ثابتة الطول - معلومات عامة
حقل البيانات ثابتة الطول 140319s9999 xx 000 0 ara d
040 ## - مصدر الفهرسة
وكالة الفهرسة الأصلية GCL /
وكالة النسخ GCL
082 04 - رقم تصنيف ديوى العشرى
رقم التصنيف 310.161
رقم المادة م ع
100 1# - المدخل الرئيسى - إسم شخصى
الإسم الشخصى محمد الجوهرى
245 10 - بيان العنوان
العنوان علم الاجتماع ودراسة الاعلام والاتصال /
بيان المسئوليه,etc محمد الجوهرى
700 1# - المدخل الاضافى - اسم شخصى
الإسم الشخصى فاطمة القلينى
700 1# - المدخل الاضافى - اسم شخصى
الإسم الشخصى منى الفرنوانى
700 1# - المدخل الاضافى - اسم شخصى
الإسم الشخصى الفت حسن اغا
700 1# - المدخل الاضافى - اسم شخصى
الإسم الشخصى حسن الخولى
700 1# - المدخل الاضافى - اسم شخصى
الإسم الشخصى السيد عفيفى
260 ## - PUBLICATION, DISTRIBUTION, ETC. (IMPRINT)
تاريخ النشر أو التوزيع 1992
300 ## - الوصف المادى
التعداد 331 ص
490 ## - بيان السلسلة
عنوان السلسلة
650 04 - المدخل الاضافى بالموضوع-مصطلح موضوعى
مصطلح موضوعي الاجتماع
650 04 - المدخل الاضافى بالموضوع-مصطلح موضوعى
مصطلح موضوعي وسائل الاعلام
650 04 - المدخل الاضافى بالموضوع-مصطلح موضوعى
مصطلح موضوعي الاتصال - علم اجتماع
942 ## - عناصر المدخل الإضافي( كوها)
مصدر التصنيف او مخطط الترفيف Dewey Decimal Classification
Koha [default] item type كتاب
260 ## - PUBLICATION, DISTRIBUTION, ETC. (IMPRINT)
-- [S.N] :
-- دار المعرفة الجامعية ،
Holdings
حالة التراجع حالة الفقد حالة تلف ليس للاعارة المكان المؤقت الموقع الحالى تاريخ الاكتساب اجمالي اﻻعارات رقم الطلب الباركود تاريخ اخر مشاهدة تاريخ تفعيل السعر نوع وعاء كوها
        مكتبة القاهرة الكبرى مكتبة القاهرة الكبرى 03/26/2014   301.161\م ع 63446 03/26/2014 03/26/2014 كتاب
        مكتبة القاهرة الكبرى مكتبة القاهرة الكبرى 03/26/2014   301.161\م ع 63447 03/26/2014 03/26/2014 كتاب

Powered By

EGPV